Groups of Things - College Football - Statistics

General Stats
  • This quiz has been taken 67 times
    64 since last reset
  • The average score is 33 of 61
Answer Stats
Group Answer % Correct
Power 5 Conferences Big Ten
94%
Power 5 Conferences ACC
90%
900 win teams Alabama
90%
CFP Teams Alabama
90%
900 win teams Notre Dame
90%
CFP Teams Notre Dame
90%
Power 5 Conferences SEC
90%
Power 5 Conferences Big 12
88%
900 win teams Michigan
84%
CFP Teams Michigan
84%
Power 5 Conferences Pac-12
84%
900 win teams Ohio State
82%
CFP Teams Ohio State
82%
New Years Six Bowls Rose Bowl
82%
CFP Teams Clemson
74%
CFP Teams Georgia
74%
New Years Six Bowls Orange Bowl
74%
900 win teams Texas
74%
CFP Teams Oregon
72%
900 win teams Oklahoma
70%
CFP Teams Oklahoma
70%
Independent Army
66%
New Years Six Bowls Cotton Bowl
66%
CFP Teams Washington
64%
Heismans Baker Mayfield
60%
CFP Teams Florida State
60%
CFP Teams LSU
60%
Heismans Bryce Young
58%
CFP Teams Michigan State
58%
New Years Six Bowls Sugar Bowl
56%
Heismans DeVonta Smith
54%
New Years Six Bowls Fiesta Bowl
54%
New Years Six Bowls Peach Bowl
52%
Group of five Sun Belt
50%
Group of five American Athletic Conference
48%
Heismans Lamar Jackson
48%
Group of five Mountain West
48%
900 win teams Penn State
48%
Heismans Joe Burrow
46%
Group of five Mid-American Conference
46%
Independent BYU
44%
Heismans Kyler Murray
44%
CFP Teams Cincinnati
40%
900 win teams Nebraska
40%
Venues AT&T Stadium
36%
Independent UMass
36%
Venues Mercedes-Benz Stadium
34%
Independent UConn
34%
Group of five Conference USA
32%
400 win coaches Joe Paterno
32%
Independent New Mexico State
32%
Independent Liberty
28%
Venues Hard Rock Stadium
24%
Venues Levi's Stadium
16%
Venues State Farm Stadium
16%
Venues Caesars Superdome
14%
Venues Lucas Oil Stadium
14%
Venues Raymond James Stadium
14%
900 win teams Yale
14%
400 win coaches Eddie Robinson
6%
400 win coaches John Gagliardi
2%
No matching quizzes found
Score Distribution
Percent of People with Each Score
Percentile by Number Answered
Your Score History
You have not taken this quiz since the last reset